000 00245nam a22001097a 4500
082 _a621.381528 SCH
100 _aSCHURA,ALEXENDER
_956569
245 _aBASIC TRANSISTORS
260 _aNEW YORK
_bJOHN RIDER
_c1963
300 _a145P
942 _cBK
999 _c566958
_d566958